000 00373nam a2200169Ia 4500
003 0STCL
008 150530s9999 xx 000 0 und d
040 _aSTCL
_cSTCL
100 _aKuppuswamy, B.
245 _aIntroduction to social psycology
250 _aFirst
260 _c1999
546 _aEnglish
942 _2ddc
_cBK
999 _c2155
_d2155
005 20220125165308.0